000 00752nam a2200265 a 4500
001 BRL_1319
005 20190320211138.0
008 060114t1971----nyua######---#000-0#eng-#
020 _a0486226883
041 _aeng
044 _anyu
084 _aTP919
_b.A37 1971
100 1 _aAdrosko, Rita J.
_926506
245 1 0 _aNatural dyes and Home dyeing
_cRita J. A drosko.
260 _aNew York
_bDover
_c1971
300 _a154 p.
_bil.
_c21 cm.
500 _aAu1596
500 _a(formerly titled: Natural Dyes in the United States)
500 _aIncluye índice
504 _aBibliografía: p. 110-117
650 1 4 _aTintes y teñido
_xHistoria
_926507
650 1 4 _aPlantas tintoreas
_zEstados Unidos
_926508
902 _aGRL
942 _2lcc
_cB
999 _c10131
_d10131